- Miralles, Francesc,
Entry Nombre Personal
001 - NUMERO DE CONTROL
- campo de control: 36172
003 - IDENTIFICADOR DE NUMERO DE CONTROL
- campo de control: DLC
005 - FECHA Y HORA DE LA ÜLTIMA TRANSACCIÓN
- campo de control: 20230525123423.0
008 - DATOS DE LONGITUD FIJA
- campo de control de longitud fija: 030604n| azannaabn a aaa
010 ## - NÚMERO DE CONTROL DE LA BIBLIOTECA DEL CONGRESO
- Número de control LC: n 2003045467
- Número de Control LC Cancelado/inválido: no2007068596
035 ## - NUMERO DE CONTROL
- Número de control: (OCoLC)oca06067778
035 ## - NUMERO DE CONTROL
- Número de control: (CaEvSKY)skya6927594
040 ## - FUENTE DE CATALOGACIÓN
- Agencia original de catalogación: DLC
- Lenguaje de catalogación: spa
- Description conventions: rda
- Agencia de transcripción: DLC
- Agencia que lo modifica: CLU
- Agencia que lo modifica: DLC
- Agencia que lo modifica: MH
- Agencia que lo modifica: DLC
- Agencia que lo modifica: MX-MxUPN
046 ## - FECHAS CON CODIFICACIÓN ESPECIAL
- Fecha de nacimiento: 1968
- Fuente del formato de fecha: edtf
053 #0 - NÚMERO DE CLASIFICACIÓN LC
- Número de clasificación elemento-número único o número inicial de tramo: PC3942.423.I73 (Catalan)
053 #0 - NÚMERO DE CLASIFICACIÓN LC
- Número de clasificación elemento-número único o número inicial de tramo: PQ7298.423.I72 (Spanish)
100 1# - ENCABEZAMIENTO - NOMBRE PERSONAL
- Nombre personal: Miralles, Francesc,
- Fechas asociadas con el nombre: 1968-
370 ## - LUGAR ASOCIADO
- Place of birth: Barcelona (España)
372 ## - CAMPO DE ACTIVIDAD
- Field of activity: Filología
- Field of activity: Periodismo
377 ## - LENGUA ASOCIADA
- Language code: spa
400 1# - VEÁSE - NOMBRE DE PERSONA
- Control subfield: nne
- Personal name: Miralles Contijoch, Francesc
500 1# - MENCIÓN DE REFERENCIA “VÉASE ADEMÁS”- NOMBRE DE PERSONA
- Control subfield: nnnc
- Personal name: Amalfi, Francis
500 1# - MENCIÓN DE REFERENCIA “VÉASE ADEMÁS”- NOMBRE DE PERSONA
- Control subfield: nnnc
- Personal name: Percy, Allan,
- Dates associated with a name: 1968-
663 ## - REFERENCIA COMPLEJA DE "VÉASE ADEMÁS" - NOMBRE
- Explanatory text: Para obras de esta autora escritas bajo otros nombres, busque por:
- Heading referred to: Amalfi, Francis
- Heading referred to: Percy, Allan, 1968-
670 ## - FUENTE EN LA QUE SE LOCALIZARON DATOS
- Cita de la fuente: Miralles, Francesc. El somni d'Occident, 2002:
- Información localizada: portada (Francesc Miralles) solapa (b. 1968 en Barcelona, España)
670 ## - FUENTE EN LA QUE SE LOCALIZARON DATOS
- Cita de la fuente: El cuarto reino, 2007:
- Información localizada: portada (Francesc Miralles)
670 ## - FUENTE EN LA QUE SE LOCALIZARON DATOS
- Cita de la fuente: Base de datos de libros editados en España, Sept. 4, 2015
- Información localizada: (hdg.: Miralles Contijoch, Francesc, 1968-; alternate names: Miralles, Francesc, 1968-; Miralles i Contijoch, Francesc, 1968-; related names: Amalfi, Francis; Kerstin, Gottfried, 1968-; Liebermann, Albert, 1968-; Martín, Álex, 1968-; Mond, Irene, 1968-; Percy, Allan, 1968-; Swam, Rupert L., 1968-; Winter, Jonas)
670 ## - FUENTE EN LA QUE SE LOCALIZARON DATOS
- Cita de la fuente: El lector de Franz Kafka, 2000:
- Información localizada: portada (Francesc Miralles Contijoch)
670 ## - FUENTE EN LA QUE SE LOCALIZARON DATOS
- Cita de la fuente: Latidos, 2016:
- Información localizada: portada (Francesc Miralles) solapa (Francesc Miralles (Barcelona, 1968) es licenciado en Filología Alemana. Compagina las novelas con su labor de sherpa literario. Periodista de Psicología y espiritualidad. www.francescmiralles.com)
670 ## - FUENTE EN LA QUE SE LOCALIZARON DATOS
- Cita de la fuente: El viaje de Índigo: una odisea por el universo de los sentimientos, 2007:
- Información localizada: portada (Francesc Miralles)
902 ## - CATALOGADOR
- Catalogador: Víctor Ruiz/250523
